00645 a2200145 4500003000500000005001700005040000900022082001500031100001900046245004500065260001100110300001000121505035800131650001000489Nust20230120110620.0 cNust a808.83,BEN aBennett,Arnold aAnna of the Five Towns /cArnold Bennett aLondom a254:P aThe Kingling of Love (Page-9), The Miser’s Daughter (Page-25), The Birthday (Page-36), A Visit (Page-53), The Revival (Page-63), Willie (Page-74), The Sewing Meeting (Page-93), On the Bank (Page-114), The Treat (Page-134), The isle (Page-153), The Downfall (Page-188), A the priory (Page-220), The Bazar (Page-241), End of Simple Soul (Page-253).  aNovel